00477 2200145 4500245012200000250001000122110004700132650001300179005001900192260006400211041001400275084001200289300002100301336000900322 aUNDANG-UNDANG REPUBLIK INDONESIA NOMOR 30 TAHUN 2007 TENTANG ENERGIcSekretariat Jenderal Dewan Energi NasionalhText aCet.1 aSekretariat Jenderal Dewan Energi Nasional aUUD 1945 a20250131133638 aJakarta Selatanbsekretariat jenderal dewan energi nasional aIndonesia a379.598 a35 hlm. :c22 cm atext